000 00767cab a2200229 4500
001 WB3134-36
008 090401t1995 xxu||||| |||| 00| 0 eng d
035 _a(Sirsi) u65622
041 _aeng
245 _aCourt to rule on tenants` right to buy
260 _c1995
350 _a0
490 _aProperty Week
_v52(11) 14 September 1995, 19(1)
520 _aAn Appeal Court judgment later this month may set precedent in cases where flat owners believe their freeholds have been sold to property companies against their will.
650 _aFREEHOLD
650 _aFROGMORE ESTATES
650 _aLANDLORD AND TENANT ACT 1987
650 _aLIVERPOOL VICTORIA FRIENDLY SOCIETY
690 _aPROPERTY-LANDLORD AND TENANT
942 _n0
948 _c04/03/1997
999 _c40939
_d40939